Data administration, management and practice : proceedings of the First DAMA Symposium /
Saved in:
| Corporate Authors: | , , , |
|---|---|
| Other Authors: | , |
| Format: | Conference Proceeding Book |
| Language: | English |
| Published: |
Gaithersburg, MD : Washington :
U.S. Dept. of Commerce, National Institute of Standards and Technology ; For sale by the Supt. of Docs., U.S. G.P.O.,
1988.
|
| Series: | NIST special publication. Computer science and technology.
NIST special publication ; 500-159. |
| Subjects: |
| LEADER | 01910cam a2200349 a 4500 | ||
|---|---|---|---|
| 001 | c000230891 | ||
| 003 | CARM | ||
| 005 | 20070315182013.0 | ||
| 008 | 910516s1988 mdua f100 0 eng | ||
| 010 | |a 88600586 | ||
| 019 | 1 | |a 6330405 |z 54267091 |5 LACONCORD2021 | |
| 035 | |a (OCoLC)19231663 |5 LACONCORD2021 | ||
| 040 | |a DLC |b eng |c DLC |d DLC |d LC | ||
| 050 | 0 | 0 | |a QC100 |b .U57 no. 500-159 |a QA76.9.D3 |
| 111 | 2 | |a DAMA Symposium |n (1st : |d 1988 : |c National Bureau of Standards) | |
| 245 | 1 | 0 | |a Data administration, management and practice : |b proceedings of the First DAMA Symposium / |c Judith J. Newton and Frankie E. Spielman, editors ; sponsored by National Capital Region of the Data Administration Management Association, Federal Data Management Users Group, Association for Federal Information Resources Management. |
| 260 | |a Gaithersburg, MD : |b U.S. Dept. of Commerce, National Institute of Standards and Technology ; |a Washington : |b For sale by the Supt. of Docs., U.S. G.P.O., |c 1988. | ||
| 300 | |a v, 130 p. : |b ill. ; |c 28 cm. | ||
| 490 | 1 | |a NIST special publication ; |v 500-19.. |a Computer science and technology | |
| 500 | |a "October 1988." | ||
| 650 | 0 | |a Database management |x Congresses. | |
| 650 | 0 | |a Electronic data processing |x Management |x Congresses. | |
| 700 | 1 | |a Newton, Judith J. | |
| 700 | 1 | |a Spielman, Frankie E. | |
| 710 | 2 | |a Association for Federal Information Resources Management. | |
| 710 | 2 | |a Data Administration Management Association. |b National Capital Region. | |
| 710 | 2 | |a Federal Data Management Users Group (U.S.) | |
| 830 | 0 | |a NIST special publication. |p Computer science and technology. | |
| 830 | 0 | |a NIST special publication ; |v 500-159. | |
| 852 | 8 | |b CARM |h A1:AQ09F0 |i F01765 |p 0319326 |f BK | |
| 999 | f | f | |i d8de191a-571f-5b62-a4df-002c31f5b697 |s d51c0190-f816-52ce-a2b7-6b092eb34703 |
| 952 | f | f | |p Can circulate |a CAVAL |b CAVAL |c CAVAL |d CARM 1 Store |e F01765 |f A1:AQ09F0 |h Other scheme |i book |m 0319326 |